Directors of Movies Click Quiz - Statistics

General Stats
  • This quiz has been taken 279 times
  • The average score is 17 of 20
Answer Stats
Hint Answer % Correct
Quentin Tarantino Pulp Fiction
94%
George Lucas Star Wars: Ep. IV - A New Hope
91%
Alfred Hitchcock Psycho
90%
Mel Gibson Braveheart
88%
Martin Scorsese Goodfellas
87%
Christopher Nolan Inception
87%
Peter Jackson The Lord of the Rings Trilogy
86%
Akira Kurosawa Seven Samurai
85%
Francis Ford Coppola The Godfather
83%
Stanley Kubrick The Shining
83%
Steven Spielberg Schindler's List
82%
Ridley Scott Alien
81%
The Coen Brothers No Country for Old Men
80%
David Fincher Fight Club
79%
Sergio Leone The Good, the Bad, and the Ugly
78%
Robert Zemeckis Back to the Future
76%
Hayao Miyazaki Spirited Away
76%
James Cameron Terminator 2: Judgment Day
76%
Frank Capra It's a Wonderful Life
75%
Fritz Lang Metropolis
72%
No matching quizzes found
Score Distribution
Percent of People with Each Score
Percentile by Number Answered
Your Score History
You have not taken this quiz